LEADER 00826nam0-22002891i-450- 001 990006496140403321 005 20001010 035 $a000649614 035 $aFED01000649614 035 $a(Aleph)000649614FED01 035 $a000649614 100 $a20001010d--------km-y0itay50------ba 101 0 $aita 105 $ay-------001yy 200 1 $aAnti-apartheid$eTransnational Conflict and Western Policy in the Liberation of South Africa$fGeorge W. Jr. Sheperd 210 $aWestport$cGreenwood Press$d1977. 215 $aX, 246 p.$d22 cm 676 $a320.968 700 1$aSheperd,$bGeorge W. JR.$0409076 801 0$aIT$bUNINA$gRICA$2UNIMARC 901 $aBK 912 $a990006496140403321 952 $aXIV E 607$b9762$fFSPBC 959 $aFSPBC 996 $aAnti-apartheid$9654381 997 $aUNINA DB $aGEN01 LEADER 02523nam 2200529 450 001 9910812752803321 005 20230814223128.0 010 $a3-0356-1581-0 024 7 $a10.1515/9783035615814 035 $a(CKB)4100000005043682 035 $a(MiAaPQ)EBC5159232 035 $a(DE-B1597)489680 035 $a(OCoLC)1046610257 035 $a(DE-B1597)9783035615814 035 $a(Au-PeEL)EBL5159232 035 $a(CaPaEBR)ebr11605394 035 $a(OCoLC)1051139710 035 $a(EXLCZ)994100000005043682 100 $a20180919d2018 uy 0 101 0 $aeng 135 $aurcnu|||||||| 181 $ctxt$2rdacontent 182 $cc$2rdamedia 183 $acr$2rdacarrier 200 10$aBuilding contract /$fBert Bielefeld 210 1$aBasel, Switzerland :$cBirkha?user,$d[2018] 215 $a1 online resource (68 pages) 225 1 $aBasics 311 $a3-0356-1602-7 327 $tFrontmatter -- $tContents -- $tForeword -- $tIntroduction -- $tTypes of contracts -- $tContractual provisions -- $tContract components -- $tContracting procedures -- $tConclusion -- $tAppendix 330 $aDie Grundlage der qualitätsvollen Bauausführung 330 $aOnce the design has been completed, the architects prepare the tender documents for the contractors, and provide support during the tender procedure. For the purpose of commissioning various building works it is necessary to set up building contracts which contain standard content as well as very individual provisions. The building contract and its extensive drawings and specifications are the basis for the building work; they must be understood by the supervising architect and implemented to create the building. The complexity and diversity of building contracts is increased by the fact that there is hardly a building contract that does not have to be modified after it has been signed. Basics Building Contract offers the typical structures and explanations, as well as the tools for creating project-specific contracts and understanding the inherent complexity. 410 0$aBasics. 606 $aConstruction contracts 606 $aArchitectural practice 615 0$aConstruction contracts. 615 0$aArchitectural practice. 676 $a343.078624 700 $aBielefeld$b Bert$01084564 702 $aBielefeld$b Bert, 801 0$bMiAaPQ 801 1$bMiAaPQ 801 2$bMiAaPQ 906 $aBOOK 912 $a9910812752803321 996 $aBuilding contract$93952143 997 $aUNINA LEADER 02508nam 22007693a 450 001 9910153748703321 005 20250203235528.0 010 $a9788860461025 010 $a8860461022 035 $a(CKB)3880000000044280 035 $a(OAPEN)639804 035 $a(oapen)https://directory.doabooks.org/handle/20.500.12854/30056 035 $a(ScCtBLL)9c4e0e39-baf6-4ff1-8793-36619647517c 035 $a(OCoLC)1167051517 035 $a(oapen)doab30056 035 $a(EXLCZ)993880000000044280 100 $a20250203i20132020 uu 101 0 $aeng 135 $auuuuu---auuuu 181 $ctxt$2rdacontent 182 $cc$2rdamedia 183 $acr$2rdacarrier 200 00$aRhotics$f?tefan Be?u?, Antonio Romano, Evan-Gary Cohen 210 $aBozen-Bolzano$cbu,press$d2013 210 1$aBozen-Bolzano :$cbu,press,$d2013. 215 $a1 online resource (276) 311 08$a9788860460554 311 08$a8860460557 330 $aThis book provides an insight into the patterns of variation and change of rhotics in different languages and from a variety of perspectives. It sheds light on the phonetics, the phonology, the socio-linguistics and the acquisition of /r/-sounds in languages as diverse as Dutch, English, French, German, Greek, Hebrew, Italian, Kuikuro, Malayalam, Romanian, Slovak, Tyrolean and Washili Shingazidja thus contributing to the discussion on the unity and uniqueness of this group of sounds. 606 $aLinguistics$2bicssc 610 $aphonetik 610 $aphonetics 610 $alanguage acquisition 610 $aphonology 610 $afonetica 610 $asoziolinguistik 610 $alingue 610 $aphonologie 610 $ar-sounds 610 $alautlehre 610 $afonologia 610 $ainsegnamento delle lingue 610 $asprachen 610 $alanguage 610 $ar-laut 610 $arhotics 610 $aspracherwerb 610 $asocio-linguistica 610 $asuono r 610 $asociolinguistics 610 $aConsonant 610 $aItaly 610 $aSyllable 610 $aUvular consonant 610 $aVoiced dental 610 $aalveolar and postalveolar trills 610 $aVowel 615 7$aLinguistics 700 $aBe?u?$b ?tefan$0610144 702 $aRomano$b Antonio 702 $aCohen$b Evan-Gary 801 0$bScCtBLL 801 1$bScCtBLL 906 $aBOOK 912 $a9910153748703321 996 $aRhotics$94321698 997 $aUNINA LEADER 01550nam0 22003373i 450 001 TO00074965 005 20251003044401.0 010 $a8823000769 100 $a19930330d1991 ||||0itac50 ba 101 | $aita 102 $ait 181 1$6z01$ai $bxxxe 182 1$6z01$an 200 1 $aRedditi, retribuzioni e ineguaglianze$eil lavoro dipendente negli anni novanta$fa cura di Stefano Patriarca 210 $aRoma$cEdiesse$d©1991 215 $a211 p.$d21 cm. 225 | $aIRES 410 0$1001CFI0171236$12001 $aIRES 606 $aReddito$xDistribuzione$xItalia$x1980-1990$2FIR$3UFIC046006$9I 676 $a339.2$9Distribuzione del reddito e della ricchezza$v14 676 $a339.220945$9DISTRIBUZIONE PERSONALE DEL REDDITO E DELLA RICCHEZZA. ITALIA$v20 676 $a339.220945$9DISTRIBUZIONE PERSONALE DEL REDDITO E DELLA RICCHEZZA. Italia$v21 702 1$aPatriarca$b, Stefano$3CFIV012631 801 3$aIT$bIT-000000$c19930330 850 $aIT-BN0095 901 $bNAP 01$cPOZZO LIB.$nVi sono collocati fondi di economia, periodici di ingegneria e scienze, periodici di economia e statistica e altri fondi comprendenti documenti di economia pervenuti in dono. 912 $aTO00074965 950 0$aBiblioteca Centralizzata di Ateneo$c1 v.$d 01POZZO LIB.ECON MON 7724$e 0101 0000116125E VMA 1 v. (stampa 1991. - Precedente collocazione: GUERRAZZI A 467)$fB $h20091230$i20091230 977 $a 01 996 $aRedditi, retribuzioni e ineguaglianze$967527 997 $aUNISANNIO